000 00495nam a2200181Ia 4500
003 OSt
005 20260130125233.0
008 210210b1930 xxu||||| |||| 00| 0 eng d
040 _cAL
041 _akan
082 _a853/245
100 _aPUTTASVAMAYYA (B)
_9161385
_dಪುಟ್ಟಸ್ವಾಮಯ್ಯ (ಬಿ).
245 _aKurukshetra:
_bಕುರುಕ್ಷೇತ್ರ
260 _aBengaluru
_b-
_c1930
690 _aKannada Drama
_9161386
906 _a019517
942 _2ddc
_cBK
999 _c143641
_d143641